00623nam a22002057a 450000500170000001000130001702000230003003500130005303700160006604000120008208200150009410000180010924500880012726000440021527000410025930000200030050000390032065000200035965000380037920170124105916.0 aA-245045 a8173914060c480.00 aA-245045 bCen Lib/Ret aDPLbEN a027.7bSHA aSharma, A. K. aCollege library administration in India :cby A. K. Sharmabtheory and practices / aNew DelhibShree Publidhing Housec1985 a4056, Ajmeri GatebNew Delhie110006 a112p.c21cm(Hb) aIncludes bibliographical reference aLibrary Science aAcademic Libraries-Administration